Complete short stories of Maupassant (Record no. 985)

MARC details
000 -LEADER
fixed length control field 00498 a2200181 4500
001 - CONTROL NUMBER
control field 066996
003 - CONTROL NUMBER IDENTIFIER
control field OSt
005 - DATE AND TIME OF LATEST TRANSACTION
control field 20211025122513.0
008 - FIXED-LENGTH DATA ELEMENTS--GENERAL INFORMATION
fixed length control field
020 ## - INTERNATIONAL STANDARD BOOK NUMBER
International Standard Book Number 9788187981763
082 ## - DEWEY DECIMAL CLASSIFICATION NUMBER
Classification number 843
Item number M44C
100 1# - MAIN ENTRY--PERSONAL NAME
Personal name Maupassant
245 1# - TITLE STATEMENT
Title Complete short stories of Maupassant
Statement of responsibility, etc by Maupassant
260 ## - PUBLICATION, DISTRIBUTION, ETC. (IMPRINT)
Place of publication, distribution, etc New Delhi
Name of publisher, distributor, etc Indialog
Date of publication, distribution, etc 2004
300 ## - PHYSICAL DESCRIPTION
Extent 1116p.
690 ## - LOCAL SUBJECT ADDED ENTRY--TOPICAL TERM (OCLC, RLIN)
Topical term or geographic name as entry element Maupassant, Guy de, 1850-1893; Manners and customs; Short stories, French
942 ## - ADDED ENTRY ELEMENTS (KOHA)
Source of classification or shelving scheme Dewey Decimal Classification
Koha item type Books
Holdings
Withdrawn status Lost status Source of classification or shelving scheme Damaged status Not for loan Collection code Home library Current library Date acquired Source of acquisition Cost, normal purchase price Total Checkouts Full call number Barcode Date last seen Date checked out Price effective from Koha item type
    Dewey Decimal Classification     General Text Book Central University Of Rajasthan Central University Of Rajasthan 07/03/2012 ENG 295.00 1 843 M44C 1282 21/11/2024 09/09/2024 02/09/2020 Books